Normal view
MARC view
- هيكل، عبد العزيز فهمي
Entry Personal Name
001 - CONTROL NUMBER
- control field: 7434
003 - CONTROL NUMBER IDENTIFIER
- control field: JO-AjAnu
005 - DATE AND TIME OF LATEST TRANSACTION
- control field: 20230606071513.0
008 - FIXED-LENGTH DATA ELEMENTS
- fixed length control field: 230606|| aca||aabn | a|a d
040 ## - CATALOGING SOURCE
- Original cataloging agency: JO-AjAnu
- Transcribing agency: JO-AjAnu
100 ## - HEADING--PERSONAL NAME
- Personal name: هيكل، عبد العزيز فهمي
670 ## - SOURCE DATA FOUND
- Source citation: Work cat.: (JO-AjAnu)3845: هيكل، عبد العزيز فهمي, author, مدخل الى الإقتصاد الإسلامي